<?xml version="1.0" encoding="UTF-8"?>
<marc:record xmlns:marc="http://www.loc.gov/MARC21/slim">
   <marc:leader>00000nam a2200000 a 4500</marc:leader>
   <marc:datafield ind1="1" ind2=" " tag="100">
      <marc:subfield code="a">Martin, Pierre</marc:subfield>
      <marc:subfield code="4">aut</marc:subfield>
      <marc:subfield code="e">Verfasser/-in</marc:subfield>
   </marc:datafield>
   <marc:datafield ind1="0" ind2="0" tag="245">
      <marc:subfield code="a">Madame le Commissaire und die tödliche Rallye</marc:subfield>
   </marc:datafield>
   <marc:datafield ind1="0" ind2="0" tag="245">
      <marc:subfield code="b">Ein Provence-Krimi</marc:subfield>
   </marc:datafield>
   <marc:datafield ind1="0" ind2="0" tag="245">
      <marc:subfield code="c">Pierre Martin</marc:subfield>
   </marc:datafield>
   <marc:datafield ind1=" " ind2="1" tag="264">
      <marc:subfield code="a">München</marc:subfield>
      <marc:subfield code="b">Droemer Knaur</marc:subfield>
      <marc:subfield code="c">2026</marc:subfield>
   </marc:datafield>
   <marc:datafield ind1="1" ind2=" " tag="520">
      <marc:subfield code="a">Madame le Commissaire Isabelle Bonnet hat eine Motorrad-Leidenschaft. Das weiß auch ihr Chef &#x96; und macht sie zur Personenschützerin für die Frau eines Ministers. Denn die will an einer Oldtimer-Rallye teilnehmen, obwohl sie eine Morddrohung erhalten hat. Der Mut der Frau gefällt Isabelle. ##Am mystischen Mont Ventoux ereignet sich ein Anschlag. Zwar kann Isabelle ihrer Schutzbefohlenen das Leben retten, doch ein anderer Fahrer hat nicht so viel Glück. Eine Verwechslung? Oder hat es mehr als ein Täter auf die Rallye-Teilnehmer abgesehen?########</marc:subfield>
   </marc:datafield>
   <marc:datafield ind1=" " ind2=" " tag="020">
      <marc:subfield code="a">9783426529966</marc:subfield>
      <marc:subfield code="9">9783426529966</marc:subfield>
   </marc:datafield>
   <marc:datafield ind1=" " ind2=" " tag="041">
      <marc:subfield code="a">ger</marc:subfield>
   </marc:datafield>
   <marc:datafield ind1=" " ind2=" " tag="300">
      <marc:subfield code="a">369 S.</marc:subfield>
   </marc:datafield>
</marc:record>
